000 00655nam a2200217Ia 4500
005 20250508165810.0
008 008 250505s9999 xx 000 0 eng d
020 _a978-93-325-4130-6
037 _aTextBook
040 _aFEDL
_beng
_cFEDL
041 _aeng
_2eng
084 _a155.4, SAN/R
_qFEDL
100 _aSandeep Kumar
245 0 _aChild development and pedagogy: A complete resource for CTET
260 _aNoida, India
_bPearson India Education Services Pvt. Ltd
_c2015
300 _axiv, 278p.
365 _aINR
_b225
546 _aCommon for paper 1 and paper 2
942 _cTB
_h155.4, SAN/R
999 _c1397521
_d1397521